• 首页
  • 本馆介绍
  • 公告通知
  • 最新文献
  • 馆藏检索
  • 电子资源
  • 读者导购
  • 参考咨询
  • 我的图书馆
  • 登录
  • 详细信息显示
  • 放入我的书架
  • 预约/预借图书
  • 作者相关作品
  • 分类相关作品
  • 丛书相关作品
  • 出版社相关作品

书目信息

  • 表格格式
  • 工作单格式
  • 卡片格式
题名:
法国中学数学课本
    
 
作者: 梅雅尔 主编 ;法国中学数学课本翻译小组 译
分册: 第二册上册  
出版信息: 北京   人民教育出版社  1964
页数: 280页
开本: 20cm
丛书名:
单 册:
中图分类: O12 , G633.6
科图分类:
主题词: 教育--各级
电子资源:
ISBN:
000 00760nam0 2200217 450
001 0655329561
005 20060815154200.73
010    @dCNY1.40
100    @a20060509d1964 km y0chiy0120 ea
101 0  @achi
102    @aCN@b110000
200 1  @a法国中学数学课本@Afa guo zhong xue shu xue ke ben@h第二册上册@f(法)R·梅雅尔主编@F(fa)R·mei ya er zhu bian@g法国中学数学课本翻译小组译@Gfa guo zhong xue shu xue ke ben fan yi xiao zu yi
210    @a北京@c人民教育出版社@d1964
215 1  @a280页@d20cm
606 0  @a教育@x各级
690    @aO12@v4
690    @aG633.6@v3
701  0 @a梅雅尔@Amei ya er@4主编
702  0 @a法国中学数学课本翻译小组@Afa guo zhong xue shu xue ke ben fan yi xiao zu@4译
801  0 @aCN@bPFT@c20060815
905    @a10447@dG633.6@e520:2(1)
    
    法国中学数学课本.第二册上册/(法)R·梅雅尔主编/法国中学数学课本翻译小组译.-北京:人民教育出版社,1964
    280页;20cm
    
    
    ISBN :CNY1.40
    
●
相关链接 在E读中查询图书 在五车中查询图书 在当当中查询图书 在豆瓣中查询图书


正题名:法国中学数学课本     索取号:G633.6/520:2(1)         预约/预借

序号 登录号 条形码 馆藏地/架位号 状态 备注
1 0010195   202318839   密集书库/ [索取号:G633.6/520:2(1)] 在馆    
唐山师范学院图书馆 欢迎您!
大连网信软件有限公司© 版权所有